| 000 | 00672nam a2200205 a 4500 | ||
|---|---|---|---|
| 005 | 20140310183248.0 | ||
| 008 | 040916s19uu xx 00 eng d | ||
| 022 | _a16557700 | ||
| 050 |
_aR 713.97 _b.R987 2002 |
||
| 245 | _aThe RxPinoy health directory / | ||
| 250 | _aPremier ed. | ||
| 260 |
_aManila : _bInfomediary Philippines Inc, _c2002. |
||
| 300 |
_a201 p. : _bill. ; _c28 cm. |
||
| 500 | _aIncludes name index and street maps of Metro Manila. | ||
| 650 |
_aHealth Services _vPhilippines _xDirectory. |
||
| 650 | _a Health Facilities -- Philippines -- Directory. | ||
| 650 |
_aHealth Personnel _vPhilippines _xDirectory. |
||
| 942 |
_cBK _2lcc |
||
| 999 |
_c20722 _d20722 |
||